| Tag |
First Indicator |
Second Indicator |
Subfields |
| LEADER |
00000cam a2200000Ia 4500 |
| 001 |
in00002193621 |
| 005 |
20151104064110.0 |
| 008 |
900628s1989 enka b 000 0 eng d |
| 035 |
|
|
|a (OCoLC)ocm21931159
|
| 040 |
|
|
|a GIS
|c GIS
|d IXA
|d OCLCQ
|d TXA
|d UtOrBLW
|
| 043 |
|
|
|a ln-----
|
| 049 |
|
|
|a TXAM
|
| 090 |
|
|
|a GC1
|b .I568 no.271
|
| 100 |
1 |
|
|a Saunders, P. M.
|
| 245 |
1 |
0 |
|a CTD data from the RRS Discovery cruise 174 :
|b Faeroe Islands to the Charlie-Gibbs Fracture Zone /
|c P.M. Saunders and Melissa Roussopoulos.
|
| 264 |
|
1 |
|a Wormley, Surrey :
|b Institute of Oceanographic Sciences, Deacon Laboratory,
|c 1989.
|
| 300 |
|
|
|a 58 pages :
|b illustrations ;
|c 30 cm.
|
| 336 |
|
|
|a text
|b txt
|2 rdacontent
|
| 337 |
|
|
|a unmediated
|b n
|2 rdamedia
|
| 338 |
|
|
|a volume
|b nc
|2 rdacarrier
|
| 490 |
1 |
|
|a Report / Institute of Oceanographic Sciences Deacon Laboratory ;
|v no. 271
|
| 500 |
|
|
|a Chiefly tables.
|
| 504 |
|
|
|a Includes bibliographical references (page 11).
|
| 650 |
|
0 |
|a Ocean currents
|z North Atlantic Ocean.
|
| 650 |
|
0 |
|a Ocean currents
|z Norwegian Sea.
|
| 650 |
|
0 |
|a Seawater
|x Composition.
|
| 700 |
1 |
|
|a Roussopoulos, Melissa.
|
| 710 |
2 |
|
|a Institute of Oceanographic Sciences Deacon Laboratory (Great Britain)
|
| 830 |
|
0 |
|a Report (Institute of Oceanographic Sciences Deacon Laboratory (Great Britain)) ;
|v no. 271.
|
| 948 |
|
|
|a cataloged
|b cmulkey
|c 2006/8/21
|d 8:09:15 am
|
| 994 |
|
|
|a C0
|b TXA
|
| 999 |
|
|
|a MARS
|
| 999 |
f |
f |
|s 4f0f8239-4243-374c-bea9-9f3df577c912
|i 049f94db-8f93-3bb2-a594-f869f6dcef34
|t 0
|
| 952 |
f |
f |
|p ric
|a Texas A&M University
|b Rellis Campus
|c Joint Library Facility
|d Remote Storage
|t 0
|e GC1 .I568 no.271
|h Library of Congress classification
|i unmediated -- volume
|m A14834706350
|
| 998 |
f |
f |
|a GC1 .I568 no.271
|t 0
|l Remote Storage
|